The Fletcher forum of world affairs

Bibliographic Details
Corporate Authors: Fletcher School of Law and Diplomacy, LexisNexis (Firm)
Format: Unknown
Language:English
Published: [Medford], MA : Fletcher School of Law and Diplomacy
Subjects:
Online Access:Acceso restringido

MARC

LEADER 00000ny a22000003n 4500
003 WaSeSS
005 20110516140636.0
008 890213c19uu9999us fr p s 0 a0eng c
022 |a 1046-1868 
035 |a 5211 
040 |a MH-KG  |c MH-KG  |d vLex 
050 0 0 |a D839  |b .F57 
050 0 0 |a D839  |b .F57 
082 1 0 |a 327  |2 11 
090 |c 1975  |d 1975 
245 3 4 |a The Fletcher forum of world affairs  |h [Recurso electrn̤ico] 
246 3 7 |a Fletcher forum 
256 |a Servicio en ln̕ea 
260 |a [Medford], MA :  |b Fletcher School of Law and Diplomacy 
310 |a Semestral 
500 |a Contina︢ a Fletcher forum (0147-0981) 
506 1 |a Contenido solo disponible en los productos indicados  |d vLex Global  |d vLex Global (Academic Edition, excluding Law Schools)  |d vLex Global (U.S. Academic Edition, excluding Law Schools) 
650 0 4 |a Polt̕ica mundial  |y 1945-1989  |x Publicaciones perid̤icas 
650 0 4 |a Relaciones internacionales  |x Publicaciones perid̤icas 
710 2 |a Fletcher School of Law and Diplomacy 
710 2 |a LexisNexis (Firm) 
740 |a vLex Revista (Servicios en ln̕ea) 
843 |a Electrn̤ica. Abierta 
853 |8 1  |i (year)  |j (month)  |k (day) 
856 4 0 |z Acceso restringido  |u http://vlex.com/account/login_ip?fuente_id=5211 
942 |c REV 
999 0 |a Electronic journals. 
999 0 |a International relations  |v Periodicals. 
999 0 |a World politics  |y 1945-1989  |v Periodicals.